| 000 | 00817nam a2200265#a 4500 | ||
|---|---|---|---|
| 001 | 00767 | ||
| 003 | HDC | ||
| 007 | ta | ||
| 008 | 230623s2006 xx 000 0 eng d | ||
| 020 | _a9833083269 (pbk.). | ||
| 040 | _aHDC | ||
| 050 |
_aBP 184.9 _b .H358 2006 |
||
| 245 | 0 |
_aHalal haram : _ban important book for Muslim consumers / _cConsumer Association of Penang |
|
| 264 |
_aPulau Pinang : _bConsumers Association of Penang, _c2006 |
||
| 300 |
_a200p. : _b ill. ; _c 21cm |
||
| 440 | _aA guide by Consumers Association of Penang | ||
| 650 |
_aFood industry and trade _xReligious aspects _vIslam |
||
| 650 |
_aFood _xReligious aspects _vIslam |
||
| 650 |
_aMuslims _xDietary laws |
||
| 700 | _aConsumers Association of Penang | ||
| 942 | _2lcc | ||
| 942 | _cBK | ||
| 942 | _kBP 184.9 | ||
| 942 | _m .H358 2006 | ||
| 999 |
_c22380 _d22380 |
||